Thailand's Budget in Brief Fiscal Year 2022 / (ระเบียนเลขที่ 99099)
| 000 -LEADER | |
|---|---|
| fixed length control field | 00765nam a22002177a 4500 |
| 003 - CONTROL NUMBER IDENTIFIER | |
| control field | NALT |
| 005 - DATE AND TIME OF LATEST TRANSACTION | |
| control field | 20220211061912.0 |
| 008 - FIXED-LENGTH DATA ELEMENTS--GENERAL INFORMATION | |
| fixed length control field | 220128b th ||||| |||| 00| 0 eng d |
| 040 ## - CATALOGING SOURCE | |
| Original cataloging agency | NALT |
| 086 ## - GOVERNMENT DOCUMENT CLASSIFICATION NUMBER | |
| Classification number | นร 07 3.1 352.4 2022 |
| 110 2# - MAIN ENTRY--CORPORATE NAME | |
| 9 (RLIN) | 8552 |
| Corporate name or jurisdiction name as entry element | Office of the Prime Minister. |
| Subordinate unit | The Bureau of the Budget |
| 245 10 - TITLE STATEMENT | |
| Title | Thailand's Budget in Brief Fiscal Year 2022 / |
| Statement of responsibility, etc. | The Bureau of the Budget. |
| 260 ## - PUBLICATION, DISTRIBUTION, ETC. | |
| Place of publication, distribution, etc. | Bangkok : |
| Name of publisher, distributor, etc. | The Bureau of the Budget, |
| Date of publication, distribution, etc. | n.d. |
| 300 ## - PHYSICAL DESCRIPTION | |
| Extent | 146 p : |
| Other physical details | ill, table, chart ; |
| Dimensions | 21 cm. |
| 651 #4 - SUBJECT ADDED ENTRY--GEOGRAPHIC NAME | |
| 9 (RLIN) | 56565 |
| Geographic name | Budget |
| Geographic subdivision | Thailand |
| Chronological subdivision | 2022 |
| 850 ## - HOLDING INSTITUTION | |
| Holding institution | NALT |
| 856 40 - ELECTRONIC LOCATION AND ACCESS | |
| Uniform Resource Identifier | <a href="https://bbstore.bb.go.th/cms/1642148198_7299.pdf">https://bbstore.bb.go.th/cms/1642148198_7299.pdf</a> |
| 942 ## - ADDED ENTRY ELEMENTS (KOHA) | |
| Koha item type | Government Publication |
| Source of classification or shelving scheme | Local Classification |
| 998 ## - STAFF NAME (NALT) | |
| -- | 1020 |
| -- | จำเรียง ระวังสำโรง |
| Withdrawn status | Lost status | Source of classification or shelving scheme | Damaged status | Not for loan | Collection code | Home library | Current library | Shelving location | Date acquired | Full call number | Barcode | Date last seen | Price effective from | Koha item type |
|---|---|---|---|---|---|---|---|---|---|---|---|---|---|---|
| Local Classification | Government Publications collection | National Assembly Library of Thailand | National Assembly Library of Thailand | Government Publication shelves | 28/01/2022 | นร 07 3.1 352.4 2022 | 3961212585 | 10/03/2022 | 28/01/2022 | Government Publication |
